LEADER 01932nam0 22004693i 450 001 VAN0277678 005 20240715022228.564 017 70$2N$a9783031171239 100 $a20240611d2022 |0itac50 ba 101 $aeng 102 $aCH 105 $a|||| ||||| 200 1 $aIntroduction to Isospectrality$fAlberto Arabia 210 $aCham$cSpringer$d2022 215 $axi, 238 p.$cill.$d24 cm 410 1$1001VAN0024506$12001 $aUniversitext$1210 $aBerlin [etc]$cSpringer$d1930- 606 $a35-XX$xPartial differential equations [MSC 2020]$3VANC019763$2MF 606 $a35R01$xPDEs on manifolds [MSC 2020]$3VANC033561$2MF 606 $a58-XX$xGlobal analysis, analysis on manifolds [MSC 2020]$3VANC019758$2MF 606 $a58J53$xIsospectrality [MSC 2020]$3VANC037889$2MF 610 $aAlmost-conjugate subgroup$9KW:K 610 $aBuser's manifold$9KW:K 610 $aGassmann-Sunada triple$9KW:K 610 $aGordon-Webb-Wolpert domain$9KW:K 610 $aHear the shape of a drum$9KW:K 610 $aIsospectral manifolds$9KW:K 610 $aLaplacian$9KW:K 610 $aSpectral geometry$9KW:K 610 $aSunada's method$9KW:K 610 $aTrace Formula$9KW:K 610 $aTransplantation$9KW:K 620 $aCH$dCham$3VANL001889 700 1$aArabia$bAlberto$3VANV194083$0854269 712 $aSpringer $3VANV108073$4650 801 $aIT$bSOL$c20240719$gRICA 856 4 $uhttps://doi.org/10.1007/978-3-031-17123-9$zE-book ? Accesso al full-text attraverso riconoscimento IP di Ateneo, proxy e/o Shibboleth 899 $aBIBLIOTECA DEL DIPARTIMENTO DI MATEMATICA E FISICA$1IT-CE0120$2VAN08 912 $fN 912 $aVAN0277678 950 $aBIBLIOTECA DEL DIPARTIMENTO DI MATEMATICA E FISICA$d08CONS e-Book 8774 $e08eMF8774 20240618 996 $aIntroduction to Isospectrality$92915920 997 $aUNICAMPANIA LEADER 00905cam0 22002773 450 001 E600200038956 005 20240731071410.0 010 $a978-88-13-28272-1 100 $a20080728d2008 |||||ita|0103 ba 101 $aita 102 $aIT 200 1 $a<>usura$fRosario Spina 210 $aPadova$cCEDAM$d2008 215 $aIX, 176 p.$d24 cm 225 2 $aLa Biblioteca del penalista$fdir$hD$iCerqua$v16 410 1$1001LAEC00025265$12001 $a*La Biblioteca del penalista / dir. D. Cerqua$v16 700 1$aSpina$b, Rosario$3A600200049163$4070$0603792 801 0$aIT$bUNISOB$c20240731$gRICA 850 $aUNISOB 852 $aUNISOB$j340$m139410 912 $aE600200038956 940 $aM 102 Monografia moderna SBN 941 $aM 957 $a340$b006569$gSi$d139410$racquisto$1catenacci$2UNISOB$3UNISOB$420080728071347.0$520240731071410.0$6rovito 996 $aUsura$91013352 997 $aUNISOB